[Event "Parana-ch"]
[Site "Foz do Iguacu"]
[Date "2008.01.23"]
[Round "2"]
[White "Fischer, Ivo Lucio"]
[Black "Pavan, Odinei"]
[Result "0-1"]
[WhiteElo "1870"]
[BlackElo "1802"]
[PlyCount "68"]
[EventDate "2008.01.23"]
[EventType "swiss"]
[EventRounds "9"]
[EventCountry "BRA"]
[SourceTitle "EXT 2010"]
[Source "ChessBase"]
[SourceDate "2010.11.25"]
[SourceVersion "1"]
[SourceVersionDate "2010.11.25"]
[SourceQuality "1"]

1. d4 Nf6 2. c4 g6 3. Nc3 Bg7 4. e4 d6 5. f3 0-0 6. Be3 b6 7. Bd3 Na6 8. Nge2 e5 9. d5 Nb4 10. 0-0 Nh5 11. Bb1 f5 12. exf5 gxf5 13. a3 Na6 14. b4 f4 15. Bf2 Qg5 16. Ne4 Qe7 17. Qd3 Bf5 18. N2c3 Nb8 19. c5 Nd7 20. c6 Ndf6 21. Bh4 Bg6 22. Ra2 a5 23. b5 Qf7 24. Qd1 h6 25. Rd2 Nxe4 26. Nxe4 Nf6 27. Nc3 Rae8 28. Re1 Nh7 29. Bxg6 Qxg6 30. Qc2 Qh5 31. Bf2 Rb8 32. Kh1 Rf6 33. Rg1 Rf5 34. Ne4 Qxh2+ 0-1